000 00566nam a2200229 a 4500
999 _c402
_d402
001 402
003 BD-JhCC
005 20171004180120.0
008 171004s1994 bg |||| ||a| 000 0 eng d
020 _a9780439863940
_c100439863945
035 _a(BD-JhCC)402
040 _aBD-JhCC
_dBD-JhCC
041 _aeng
082 _a813.54
_bSTI 1994
100 _aSTINE, R.L
245 _aGoosebumps /
_cR.L STINE
260 _aDelhi :
_bParachute Press,
_c1994.
300 _a122 p.
_c19 cm.
650 _aChildrens Stories
_zAmerican
942 _2ddc
_cBK